Perspectivas en las teorías de sistemas / (Record no. 120154)

MARC details
000 -CABECERA
campo de control de longitud fija 00658nam a2200193 a 4500
005 - FECHA Y HORA DE LA ÚLTIMA TRANSACCIÓN
campo de control 20230202063704.0
008 - ELEMENTOS DE LONGITUD FIJA--INFORMACIÓN GENERAL
campo de control de longitud fija 061117s1999 mx r 000 0 spa d
020 ## - NÚMERO INTERNACIONAL NORMALIZADO PARA LIBROS
Número Internacional Estándar del Libro 9682321808
035 ## - NÚMERO DE CONTROL DEL SISTEMA
Número de control de sistema UPN01000148012
049 ## - COLECCIÓN
Colección CG
050 #4 - SIGNATURA TOPOGRÁFICA DE LA BIBLIOTECA DEL CONGRESO
Número de clasificación Q295
Número de documento/Ítem P4.7
245 00 - MENCIÓN DE TÍTULO
Título Perspectivas en las teorías de sistemas /
Mención de responsabilidad, etc. Santiago Ramírez ... [et al.].
260 ## - PUBLICACIÓN, DISTRIBUCIÓN, ETC.
Lugar de publicación, distribución, etc. México :
Nombre del editor, distribuidor, etc. Siglo XXI :
-- UNAM, Centro de Investigaciones Interdisciplinarias en Ciencias y Humanidades,
Fecha de publicación, distribución, etc. 1999.
300 ## - DESCRIPCIÓN FÍSICA
Extensión 109 p.
440 #0 - MENCIÓN DE SERIE/ASIENTO SECUNDARIO--TÍTULO
Título Biblioteca aprender a aprender
650 #4 - ASIENTO SECUNDARIO DE MATERIA - TERMINO TEMATICO
Término de materia o nombre geográfico como elemento de entrada Teoría de sistemas
9 (RLIN) 26620
700 1# - ASIENTO SECUNDARIO--NOMBRE DE PERSONAL
Nombre de persona Ramírez, Santiago,
Fechas asociadas al nombre 1921-1989
Término indicativo de función/relación coaut.
9 (RLIN) 35351
905 ## - TIPO DE MATERIAL
Tipo de material Libro
Holdings
Estado de retiro Estado de pérdida Fuente del sistema de clasificación o colocación Estado dañado No para préstamo Código de colección Localización permanente Ubicación/localización actual Ubicación en estantería Total de préstamos Clasificación Código de barras Fecha visto por última vez Número de copia Tipo de ítem Koha
    Library of Congress Classification     Colección General Bib. Gregorio Torres Quintero Bib. Gregorio Torres Quintero Planta baja 7 Q295 P4.7 241257 31/12/2020 1 Libro